| 000 | 00548nam a2200205Ia 4500 | ||
|---|---|---|---|
| 003 | LK-CoDNM | ||
| 005 | 20240827141410.0 | ||
| 008 | 010623t1927 xxu||||| |||| 00| 1 eng d | ||
| 040 |
_aLK-CoDNM _dLK-CoDNM _eLK-CoDNM |
||
| 041 | _aeng | ||
| 080 |
_a22 _bP8 |
||
| 100 | _aHeras,Henry | ||
| 245 | _aThe Aravidu Dynasty of Vijayanagara | ||
| 260 |
_bB.G.Paul Co. _aMadras _c1927 |
||
| 300 | _bxliv, 681p. : map ; 17pl, 21 cm | ||
| 650 | _aAdministration | ||
| 650 | _aForeign Policy | ||
| 650 | _aIndian History 625: India | ||
| 942 | _cBK | ||
| 999 |
_c93878 _d93878 |
||